000 00254nam a2200109Ia 4500
005 20251222114349.0
008 251222s1900||||xx |||||||||||||| ||spa||
082 _aDVD0080/P41
245 0 _aEl milagro de Anna Sullivan.
264 _bCoe, Fred
942 _cDVD
999 _c1176
_d1176